Atlas visual del cuerpo humano : (Registro nro. 16395)
[ vista simple ]
| 000 -CABECERA | |
|---|---|
| campo de control de longitud fija | 01211nam a2200217 a 4500 |
| 001 - NÚMERO DE CONTROL | |
| campo de control | 000016863 |
| 005 - FECHA Y HORA DE LA ÚLTIMA TRANSACCIÓN | |
| campo de control | 20200929164956.0 |
| 008 - DATOS DE LONGITUD FIJA--INFORMACIÓN GENERAL | |
| campo de control de longitud fija | 100311s2005 ag ac 000 0 eng d |
| 040 ## - FUENTE DE LA CATALOGACIÓN | |
| Centro catalogador/agencia de origen | DO-SdBNP |
| Lengua de catalogación | spa |
| Centro/agencia transcriptor | BNPHU |
| 082 ## - NÚMERO DE LA CLASIFICACIÓN DECIMAL DEWEY | |
| Número de clasificación | R 611 |
| Número de documento/Ítem | A881v |
| 049 ## - FONDOS LOCALES (OCLC) | |
| Fondos de biblioteca | BNPD |
| 245 00 - MENCIÓN DE TÍTULO | |
| Título | Atlas visual del cuerpo humano : |
| Resto del título | anatomía y funciones / |
| Mención de responsabilidad, etc. | dirección y supervisión general Luis Roberto Barone ; dirección editorial Carlos Eduardo Rodríguez ; ilustraciones Paulo Soverón. |
| 260 ## - PUBLICACIÓN, DISTRIBUCIÓN, ETC. | |
| Lugar de publicación, distribución, etc. | Buenos Aires : |
| Nombre del editor, distribuidor, etc. | Cultural Librería Americana, |
| Fecha de publicación, distribución, etc. | 2005. |
| 300 ## - DESCRIPCIÓN FÍSICA | |
| Extensión | 64 p. : |
| Otras características físicas | il., retrs. ; |
| Dimensiones | 38 cm. |
| 505 2# - NOTA DE CONTENIDO CON FORMATO | |
| Nota de contenido con formato | Un organismo complejo -- La célula -- Los tejidos -- Los huesos -- Los músculos --El sistema nervioso -- El sistema circulatorio -- El sistema linfático -- El sistema endocrino -- El sistema respiratorio -- El sistema digestivo -- El sistema excretor -- El sistema reproductor masculino -- El sistema reproductor femenino -- La gestación -- Los sentidos -- Apéndice -- Glosario. |
| 650 #4 - PUNTO DE ACCESO ADICIONAL DE MATERIA--TÉRMINO DE MATERIA | |
| Término de materia o nombre geográfico como elemento de entrada | Anatomía humana |
| Subdivisión de forma | ATLAS |
| 9 (RLIN) | 12158 |
| 700 1# - PUNTO DE ACCESO ADICIONAL--NOMBRE DE PERSONA | |
| Nombre de persona | Barone, Luis Roberto, |
| 9 (RLIN) | 2225 |
| 700 1# - PUNTO DE ACCESO ADICIONAL--NOMBRE DE PERSONA | |
| Nombre de persona | Rodríguez, Carlos Eduardo, |
| 9 (RLIN) | 37325 |
| 700 1# - PUNTO DE ACCESO ADICIONAL--NOMBRE DE PERSONA | |
| Nombre de persona | Soverón, Paulo, |
| Término indicativo de función/relación | il. |
| 9 (RLIN) | 37326 |
| 910 ## - DATOS DE OPCIÓN DEL USUARIO (OCLC) | |
| Datos de opción del usuario | Validado. Control de calidad BNPHU. |
| Estado de retiro | Estado de pérdida | Restricciones de uso | No para préstamo | Código de colección | Localización permanente | Ubicación/localización actual | Ubicación en estantería | Fecha de adquisición | Número de inventario | Total de préstamos | Signatura topográfica completa | Código de barras | Fecha visto por última vez | Precio válido a partir de | Tipo de ítem Koha | Número de copia |
|---|---|---|---|---|---|---|---|---|---|---|---|---|---|---|---|---|
| Préstamo interno | Monografías: Libros y Folletos | General | General | Depósito | 11.03.2010 | LF1 | R 611 A881v | 16863-10 | 25.06.2020 | 25.06.2020 | Préstamo interno | |||||
| Préstamo interno | Préstamo restrigido | Monografías: Libros y Folletos | General | General | Depósito | 11.03.2010 | LF1 | R 611 A881v | 16863-20 | 25.06.2020 | 25.06.2020 | Préstamo interno | e. 2 |
